00723nam a2200157Ia 4500008004100000100002200041245012700063245013300190260005300323260001300376300000800389650001500397856006100412999001900473952007300492170221s9999 xx 000 0 und d aNatalia R. Saenko aResearch in Action Integrated Marketing Communications as the Elements of Information and Virtualization Market Relations  cNatalia R. Saenko, Anastasiya A. Sozinova, Irina S. Karabulatova, Ilnur V. Akhmetov, Olga V. Mamatelashvili, Elena E. Pismennaya bInternational Review of Management and Marketing cMay 2013 a2:2 xMarketing. uhttp://www.econjournals.com/index.php/irmm/issue/view/70 c310343d310343 001040aCLbCLd2017-02-21l0r2017-02-21 00:00:00w2017-02-21yFOJ